000 00465nam a2200157 i 4500
001 59424
003 ES-MaACL
007 t|
008 031029s1968 sp ||||1| spa d
245 0 0 _aEncrucijadas del tiempo /
_crecopilación de Graff Conklin ; [traducción M. Giménez].
260 _a[Barcelona :
_bMolino,
_c1968]
300 _a191 p. ;
_c18 cm.
700 1 _aConklin, Graff.
_940191
700 1 _aGiménez, M.
_957026
852 _aES-MaACL
_jE-8698
_bR.92891
999 _c59424
_d59424